000 01671nam a2200277 4500
001 113578
003 DR-UNIBE
005 20251028102532.0
008 250508b2005 mx ||||| |||| 00| 0 spa d
020 _a9789707125381
040 _aBIBLIOTECA UNIBE
_cBIBLIOTECA UNIBE
_bspa
_erda
041 _aspa
082 _222
_a347.06 M611p
110 1 0 _aMexico. Suprema Corte de Justicia de la Nación
_9194807
_eautor
245 1 4 _aLas pruebas en la controversia constitucional y en la acción de inconstitucionalidad /
_cSuprema Corte de Justicia de la Nación
250 _aPrimera edición
260 _aMéxico :
_bSuprema Corte de Justicia de la Nación,
_c2005
300 _a141 páginas :
_c17 x 11 cm
490 _aColección figuras constitucionales ;
_v3
505 _aPresentación | I. La teoría general del proceso | II. La defensa de la Constitución y el derecho procesal constitucional | III. Los sistemas de control constitucional | IV. Los tipos de control de la constitucionalidad | V. Los medios de control constitucional de México | VI. Estudio conjunto de la controversia constitucional y la acción de inconstitucionalidad | VII. Las fases procesales y las pruebas en la controversia constitucional y en la acción de inconstitucionalidad | VIII. Diferencias y semejanzas entre la controversia constitucional y en la acción de inconstitucionalidad | Bibliografía | Normativa | Acuerdos
650 7 _2lemb
_aPrueba (Derecho)
650 7 _2lemb
_aDerecho constitucional
_zMéxico
_9200284
650 7 _2lemb
_aDerecho procesal
710 1 0 _aComité de Publicaciones y Promoción Educativa
_9194812
_epresentación
942 _2ddc
_cBK
999 _c113578
_d113578